| 000 | 01089cam a2200301 4500 | ||
|---|---|---|---|
| 001 | WS119276 | ||
| 008 | 020809n 000 0 eng u | ||
| 035 | _a(Sirsi) u119276 | ||
| 110 |
_aDepartment of Transport _91172 |
||
| 245 | _aDepartment of Transport | ||
| 520 | _aWeb site for this government department in charge of transport. Including aviation, local transport, railways, health and safety, roads, shipping and mobility. | ||
| 650 | _aGOVERNMENT | ||
| 650 | _aINTEGRATED TRANSPORT | ||
| 650 |
_aHEALTH AND SAFETY _96244 |
||
| 650 | _aLOCAL TRANSPORT | ||
| 650 | _aMOBILITY | ||
| 650 | _aMANAGEMENT-BUSINESS MANAGEMENT-DISCRIMINATION-DISABILITY DISCRIMINATION-ACCESSIBILITY | ||
| 650 | _aSOCIAL INCLUSION | ||
| 650 | _aRAILWAYS | ||
| 650 | _aPROPERTY-INFRASTRUCTURE-TRANSPORT INFRASTRUCTURE-ROAD INFRASTRUCTURE | ||
| 650 | _aSHIPPING | ||
| 650 | _aSTATISTICS | ||
| 650 | _aRESEARCH | ||
| 650 | _aHIGHWAY CODE | ||
| 690 | _aTRANSPORT AND COMMUNICATIONS | ||
| 856 | 4 | 0 |
_uhttps://www.dft.gov.uk _zView the website free of charge at www.dft.gov.uk... |
| 942 | _n0 | ||
| 999 |
_c120158 _d120158 |
||